000 01563nam0a2200325 4500
001 RU\NLR\bibl\2084744
005 20260407074812.0
010 _a978-5-93332-444-7
021 _aRU
_b2015-1010и
_9117и
035 _a(NLR Aleph) 002074850
090 _a4793182
_c4793182
100 _a20131026d2013 |||y0rusy50 ca
101 0 _arus
102 _aRU
105 _aa|||z||||||||
200 1 _aЮрий Кряквин
_e[каталог выставки
_fавт. ст.: Александр Боровский, Владимир Леняшин
_gвступ. ст.: Илья Южанов]
210 _aСанкт-Петербург
_cPalace Editions
_d2013
215 _a247, [1] с.
_cил., цв. ил., портр.
_d32
225 1 _aАльманах
_fРус. музей, Музей Людвига
_vвып. 381
600 1 _aКряквин
_bЮ.Д.
_f1948
_gЮрий Дмитриевич
_jАльбомы
_92227467
_3RU\NLR\AUTH\661337131
686 1 _aЩ143(2Р=Рус)7-8Кряквин я61
702 1 _aКряквин
_bЮ.Д.
_f1948-
_gЮрий Дмитриевич
_4570
712 0 2 _4570
_aГосударственный Русский музей
_cСанкт-Петербург
_3RU\NLR\AUTH\883719
_9278750
801 0 _aRU
_bNLR
_c20131022
_gRCR
801 1 _aRU
_bNLR
_c20131022
942 _cBOOK
980 _aNB